मुक्तक प्रवाह/ (Record no. 201236)

MARC details
000 -LEADER
fixed length control field 00587nam a22001937a 4500
005 - DATE AND TIME OF LATEST TRANSACTION
control field 20240305154346.0
010 ## - LCCN (DPL NO)
LC control number HIN-127020 HIN-127021
020 ## - INTERNATIONAL STANDARD BOOK NUMBER
International Standard Book Number 9788196064266
Terms of availability 821
035 ## - SYSTEM CONTROL NUMBER
System control number HN-99366
035 ## - SYSTEM CONTROL NUMBER
System control number HN-99367
037 ## - SOURCE OF ACQUISITION
Source of stock number/acquisition DBAD/PUB
082 ## - DEWEY DECIMAL CLASSIFICATION NUMBER
Classification number 821
Edition number 1
100 ## - MAIN ENTRY--PERSONAL NAME
Personal name सुधा सिन्हा
245 ## - TITLE STATEMENT
Title मुक्तक प्रवाह/
260 ## - PUBLICATION, DISTRIBUTION, ETC. (IMPRINT)
Place of publication, distribution, etc Patna
Name of publisher, distributor, etc Naye Pallav
Date of publication, distribution, etc 2023
270 ## - ADDRESS
Address kurji
City patna
Postal code 800010
300 ## - PHYSICAL DESCRIPTION
Extent 48 पृष्ठ;
Dimensions 22 सेमी (सजिल्द)
942 ## - ADDED ENTRY ELEMENTS (KOHA)
Item type Hindi Books
Source of classification or shelving scheme Dewey Decimal Classification
Classification part 821
Call number suffix मुक्त
Holdings
Withdrawn status Lost status Not for loan Collection code Home library Current library Date acquired Source of acquisition Cost, normal purchase price Full call number Barcode Copy number Cost, replacement price Koha item type
      Non-fiction Bawana Bawana 05/03/2024 DBAD/PUB 125.00 821 मुक्त HN-99367 1 125.00 Hindi Books
      Non-fiction Peshwa Road Peshwa Road 05/03/2024 DBAD/PUB 125.00 821 मुक्त HN-99366 1 125.00 Hindi Books

© Delhi Public Library
Hit Counter
free hit counter